000 00455nam a2200169Ia 4500
001 22532
005 20260414150837.0
008 260414t2014||||xx |||||||||||||| ||spa||
041 _aESP
082 _a621.382
_bF41
100 _aFernandez del Carpio, Gonzalo
_eAUT
245 0 _aNuevas técnicas para el tráfico multicast en redes dorsales de telecomunicaciones
_b
260 _c2014
650 _aTCA
654 _aCET
942 _cLIB
_dJUS
_fJUS
_2ddc
_n
999 _c22532
_d22532